Odmeňovanie v podniku bakalárska práca

Guardado en:
Detalles Bibliográficos
Autor principal: Tichá, Anna
Autor Corporativo: Fakulta podnikového manažmentu EU. Katedra podnikovohospodárska
Otros Autores: Michalcová, Zuzana, 1984-
Formato: Libro
Lenguaje:eslovaco
Publicado: Bratislava 2010
Etiquetas: Agregar Etiqueta
Sin Etiquetas, Sea el primero en etiquetar este registro!

MARC

LEADER 00000nbm a2200000 4500
001 0133607
005 20161109111539.6
041 0 |a slo 
044 |a SK 
245 1 0 |a Odmeňovanie v podniku  |b bakalárska práca  |c Anna Tichá ; školiteľ: Zuzana Michalcová 
264 1 |a Bratislava  |c 2010 
300 |a 46 s. 
100 1 |a Tichá, Anna 
700 1 |a Michalcová, Zuzana, 1984- 
710 2 |a Fakulta podnikového manažmentu EU. Katedra podnikovohospodárska